From the sun : (Record no. 355524)

000 -LEADER
fixed length control field 01005cam a2200289 a 4500
001 - CONTROL NUMBER
control field 1672695
003 - CONTROL NUMBER IDENTIFIER
control field Nust- CAS-E
005 - DATE AND TIME OF LATEST TRANSACTION
control field 20180118181404.0
008 - FIXED-LENGTH DATA ELEMENTS--GENERAL INFORMATION
fixed length control field 980925s1998 dcua b 000 0 eng
010 ## - LIBRARY OF CONGRESS CONTROL NUMBER
LC control number 98046324
020 ## - INTERNATIONAL STANDARD BOOK NUMBER
International Standard Book Number 0875902928
040 ## - CATALOGING SOURCE
Original cataloging agency DLC
Transcribing agency DLC
Modifying agency DLC
050 00 - LIBRARY OF CONGRESS CALL NUMBER
Classification number QB521.6
Item number .F76 1998
082 00 - DEWEY DECIMAL CLASSIFICATION NUMBER
Classification number 523.7
Edition number 21
Author Mark FRO1998
245 00 - TITLE STATEMENT
Title From the sun :
Remainder of title auroras, magnetic storms, solar flares, cosmic rays /
Statement of responsibility, etc. Steven T. Suess, Bruce Tadashi Tsurutani, editors.
260 ## - PUBLICATION, DISTRIBUTION, ETC.
Place of publication, distribution, etc. Washington, DC :
Name of publisher, distributor, etc. American Geophysical Union,
Date of publication, distribution, etc. c1998.
300 ## - PHYSICAL DESCRIPTION
Extent v, 172 p. :
Other physical details ill. (some col.) ;
Dimensions 23 cm.
502 ## - DISSERTATION NOTE
Dissertation note 0
504 ## - BIBLIOGRAPHY, ETC. NOTE
Bibliography, etc. note Includes bibliographical references.
650 #0 - SUBJECT ADDED ENTRY--TOPICAL TERM
Topical term or geographic name entry element Solar wind.
651 #0 - SUBJECT ADDED ENTRY--GEOGRAPHIC NAME
Geographic name Sun.
700 1# - ADDED ENTRY--PERSONAL NAME
Personal name Suess, Steven T.
700 1# - ADDED ENTRY--PERSONAL NAME
Personal name Tsurutani, Bruce T.
906 ## - LOCAL DATA ELEMENT F, LDF (RLIN)
a 7
b cbu
c orignew
d 1
e ocip
f 19
g y-gencatlg
942 ## - ADDED ENTRY ELEMENTS (KOHA)
Source of classification or shelving scheme
Koha item type Book
Holdings
Withdrawn status Lost status Source of classification or shelving scheme Damaged status Not for loan Collection code Permanent Location Current Location Shelving location Date acquired Source of acquisition Cost, normal purchase price Total Checkouts Full call number Barcode Date last seen Price effective from Koha item type
            US-Pakistan Center for Advanced Studies in Energy (USPCAS-E) US-Pakistan Center for Advanced Studies in Energy (USPCAS-E)   10/26/2015 Multiline Books 3356.00   523.7 FRO1998 CAS-E0000650 10/26/2015 10/26/2015 Book
© 2023 Central Library, National University of Sciences and Technology. All Rights Reserved.